Optical remote sensing of the atmosphere : summaries of papers presented at the Optical Remote Sensing of the Atmosphere Topical Meeting; March 8-12, 1993 Salt Lake City, Utah
Saved in:
| Corporate Authors: | , , , |
|---|---|
| Format: | Conference Proceeding Book |
| Language: | English |
| Published: |
Washington :
Optical Society of America,
1993
|
| Series: | Technical digest series ;
; 5 |
| Subjects: | |
| Tags: |
Add Tag
No Tags, Be the first to tag this record!
|
MARC
| LEADER | 00000nam a2200000 i 4500 | ||
|---|---|---|---|
| 001 | 1/11893 | ||
| 008 | 960507s1993 eng d | ||
| 020 | |a 1-55752-284-7 | ||
| 035 | |l 10018424 | ||
| 040 | |a GR-MY-UA |b gre |e aacr | ||
| 041 | 0 | |a eng | |
| 082 | 0 | |a 551.51028 | |
| 111 | 2 | |a Optical Remote Sensing of the Atmosphere Topical Meeeting |d (1993 |c : Salt Lake City) | |
| 245 | 1 | 0 | |a Optical remote sensing of the atmosphere : |b summaries of papers presented at the Optical Remote Sensing of the Atmosphere Topical Meeting; March 8-12, 1993 Salt Lake City, Utah |
| 260 | |a Washington : |b Optical Society of America, |c 1993 | ||
| 300 | |a 521 p. |b fig., tables | ||
| 490 | 1 | |a Technical digest series |v ; 5 | |
| 650 | 0 | 0 | |a Atmosphere, Upper |x Remote sensing |x Congresses. |
| 710 | 2 | |a Optical Society of America. | |
| 710 | 2 | |a American Meteorological Society. | |
| 710 | 2 | |a Army Research Office. | |
| 830 | 0 | |a Technical digest series ; |v ; 5 | |
| 852 | |a INST |b LESVOS |e 19960507 |h 551.51028 OPT |p 005100010477 |q 005100010477 |t BK |y 0 | ||
| 909 | |a Λ |b 044721 | ||
| 950 | |a 079/1995-10-24 | ||